000 00295nam a22001337a 4500
008 181102b xxu||||| |||| 00| 0 eng d
020 _a003045011-X
041 _aeng
080 _a101
100 _a24
101 _aFIL
245 _aEthical Arguments for Analysis
_cBaum,R
942 _2udc
_cBK
999 _c51732
_d51732